Obálka Náhled e-knihy:
PDF Epub
Pro půjčování e-knih musíte být přihlášeni.
Jak si půjčit online?

Vzorek 27-B /

V přísně střeženém laboratorním komplexu dojde k náhlému výpadku v jedné ze sekcí, kde zmizí celá směna vědců bez jediné stopy. Vyšetřování trojice zbylých pracovníků brzy odhalí, že nejde o běžnou havárii ani známý biologický incident, ale o něco, co narušuje běžné chápání reality a souvisí s nepoc...

Celý popis

Uloženo v:
Hlavní autor: Mazánek, Karel Keslly (Autor)
Médium: E-kniha
Jazyk:Czech
Vydáno: Praha : E-knihy jedou, 2026
Tagy:
Žádné tagy
LEADER 01631nam a22002297i 4500
001 314008
007 ta
008 260701s2026 xr ||||| |||| 00| 0 cze d
020 |a 9990004280991 
044 |a xr 
100 1 |a  Mazánek, Karel Keslly  |4 aut 
245 1 0 |a Vzorek 27-B /  |c  Mazánek, Karel Keslly 
264 1 |a Praha :  |b E-knihy jedou,  |c 2026 
300 |a 1 online zdroj (80 stran) 
336 |a text  |b txt  |2 rdacontent 
337 |a bez média  |b n  |2 rdamedia 
338 |a online zdroj  |b cr  |2 rdacarrier 
520 2 |a V přísně střeženém laboratorním komplexu dojde k náhlému výpadku v jedné ze sekcí, kde zmizí celá směna vědců bez jediné stopy. Vyšetřování trojice zbylých pracovníků brzy odhalí, že nejde o běžnou havárii ani známý biologický incident, ale o něco, co narušuje běžné chápání reality a souvisí s nepochopitelným vzorkem, který reaguje na pozorování i okolní prostředí. Jak se situace stupňuje a komplex se ocitá v kritickém stavu, objevují se další podivné jevy a nejasné stopy po zmizelých lidech, zatímco vyšetřovatelé zjišťují, že jsou součástí dění mnohem většího, než si dokázali představit.  
910 |a RBIT002 
998 |d 428099  |a https://core.palmknihy.cz/api/books/428099/cover?thg8nq  |b https://core.palmknihy.cz/api/books/428099/cover/400?thg8nq  |c https://core.palmknihy.cz/api/books/428099/cover/50?thg8nq  |e   |g 80  |i 9990004280991  |j https://core.palmknihy.cz/api/books/428099/preview.epub  |k https://core.palmknihy.cz/api/books/428099/preview.pdf  |l   |q 49  |r 1  |s https://www.palmknihy.cz/kniha/428099  |t ebook  |y 2026  |z 1 
999 |d 314006